| 000 | 00387nam a2200157Ia 4500 | ||
|---|---|---|---|
| 008 | 221030s9999 xx 000 0 und d | ||
| 020 | _a8175152571 | ||
| 041 | _aEnglish | ||
| 100 | _aE. Horowitz | ||
| 245 | 0 |
_aComputer Algorithms _cby E. Horowitz, S. Sahni |
|
| 260 |
_bGalgotia Pub _aNew Delhi _c2016 |
||
| 300 | _a769 | ||
| 650 | _aBE Computer | ||
| 700 | _aS. Sahni | ||
| 942 | _cBK | ||
| 999 |
_c17104 _d17104 |
||